PSG - Choix Multiples - Statistiques

Statistiques générales
  • Ce quiz a été pris 111 fois
    30 depuis la dernière actualisation
  • Le résultat moyen est 10 sur 16
Statistiques - réponses
Question Réponse % Correct
Que signifie le sigle PSG ? Paris Saint-Germain
100%
Quel pays en est le principal propriétaire ? Qatar
90%
Comment se nomme le stade ? Parc des Princes
86%
Quel monument de la ville est affiché sur leur logo ? Tour Eiffel
86%
De quelle nationalité est le défenseur central Willian Pacho ? Équatorien
76%
En plus de Nike, comment se nomme leur deuxième équipementier depuis 2022 ? Jordan
71%
Comment se nomme le meilleur buteur de l'histoire du club avec 256 buts ? Kylian Mbappé
71%
Comment se nomme la plus grande buteuse avec 179 buts au 6 Mars 2026 ? Marie Antoinette Katoto
71%
Quel est le seul joueur à avoir dépassé les 500 match sous le maillot du PSG ? Marquinhos
71%
Quel trophée le PSG n'a-t-il jamais remporté ? Coupe du monde des clubs de la FIFA
57%
En quelle année le club fut fondé ? 1970
52%
Où se trouve le centre d'entraînement du club ? Poissy
52%
Comment se nomme l'entraîneur bosniaque avec qui le PSG à gagné la Coupe de France en 2004 ? Vahid Halilhodžić
52%
Le PSG à gagné la Ligue des Champions en 2025, mais contre qui ont-ils gagnés avec la plus grande différence de buts ? Stade Brestois
48%
Combien de joueurs parisiens figurent dans le TOP15 du Ballon d'Or 2025 ? 7
29%
En quelle année le club a-t-il fondé sa structure féminine ? 1971
0%
Aucun quiz correspondant
Distribution des résultats
% des personnes avec chaque résultat
Percentile par nombre de réponses
Votre historique - résultats
Vous n’avez pas pris ce quiz depuis la dernière actualisation